Právna úprava platobnej neschopnosti a predlženia a ich vzťah k vyhláseniu konkurzu v SR

V podmienkach ešte stále sa reštrukturalizujúceho hospodárstva SR, ako aj zhoršených ekonomických vyhliadok v dôsledku globálneho útlmu ekonomickej aktivity, je problematika predlženia a platodnej neschopnosti podnikov stále aktuálna. Poukázanie na aktuálny stav v príslušnej legislatíve a jej možnú...

Full description

Saved in:
Bibliographic Details
Main Author: Hanzlíček, Juraj
Other Authors: Mikuš, Roman
Format: Book Chapter
Language:Slovak
Subjects:
Tags: Add Tag
No Tags, Be the first to tag this record!

MARC

LEADER 00000naa$a2200000$$$4500
001 0096289
005 20240502072052.8
041 0 |a slo 
044 |a SK 
245 1 0 |a Právna úprava platobnej neschopnosti a predlženia a ich vzťah k vyhláseniu konkurzu v SR  |c Juraj Hanzlíček, Roman Mikuš 
520 |a V podmienkach ešte stále sa reštrukturalizujúceho hospodárstva SR, ako aj zhoršených ekonomických vyhliadok v dôsledku globálneho útlmu ekonomickej aktivity, je problematika predlženia a platodnej neschopnosti podnikov stále aktuálna. Poukázanie na aktuálny stav v príslušnej legislatíve a jej možnú interpretáciu. 
610 2 0 |a podnik 
610 2 0 |a pohľadávky 
610 2 0 |a imanie vlastné 
610 2 0 |a insolventnosť 
610 2 0 |a legislatíva 
100 1 |a Hanzlíček, Juraj 
700 1 |a Mikuš, Roman